[Event "Paracin Winter op"]
[Site "Paracin"]
[Date "2019.02.03"]
[Round "6"]
[White "Radosavljevic, Slobodan D"]
[Black "Ilic, Vladan"]
[Result "1/2-1/2"]
[WhiteElo "2260"]
[BlackElo "2106"]
[PlyCount "96"]
[EventDate "2019.01.31"]
[EventType "swiss"]
[EventRounds "9"]
[EventCountry "SRB"]
[SourceTitle "CBM 188 Extra"]
[Source "ChessBase"]
[SourceDate "2019.02.26"]
[SourceVersion "1"]
[SourceVersionDate "2019.02.26"]
[SourceQuality "1"]

1. c4 e6 2. g3 d5 3. Nf3 Nf6 4. Bg2 Be7 5. 0-0 0-0 6. d3 c6 7. b3 d4 8. Bb2 c5 9. b4 Nc6 10. b5 Nb8 11. e3 dxe3 12. fxe3 Nbd7 13. Nc3 Qc7 14. Qe2 Rb8 15. a4 b6 16. a5 Bb7 17. axb6 axb6 18. Ra7 Ra8 19. Rfa1 Rxa7 20. Rxa7 Ra8 21. Rxb7 Qxb7 22. Ne5 Qc8 23. Bxa8 Qxa8 24. Nc6 Bd6 25. Qf3 Kf8 26. Kg2 h6 27. Kf2 Ke8 28. Ke2 Kf8 29. Kd2 Ke8 30. Kc2 Kf8 31. Kb3 Ke8 32. Na4 Qb7 33. d4 cxd4 34. exd4 Kf8 35. Nc3 Ke8 36. Ne4 Nxe4 37. Qxe4 Nf6 38. Qf3 Be7 39. Bc3 Kf8 40. Bb2 Qa8 41. Qf4 Qb7 42. Nxe7 Kxe7 43. Ba3+ Ke8 44. Qd6 Qf3+ 45. Ka2 Qe2+ 46. Kb1 Qd3+ 47. Kb2 Qd2+ 48. Kb1 Qd3+ 1/2-1/2

[Event "Paracin Winter op"]
[Site "Paracin"]
[Date "2019.02.02"]
[Round "3"]
[White "Ilic, Vladan"]
[Black "Radovic, Goran"]
[Result "1-0"]
[WhiteElo "2106"]
[BlackElo "1854"]
[PlyCount "59"]
[EventDate "2019.01.31"]
[EventType "swiss"]
[EventRounds "9"]
[EventCountry "SRB"]
[SourceTitle "CBM 188 Extra"]
[Source "ChessBase"]
[SourceDate "2019.02.26"]
[SourceVersion "1"]
[SourceVersionDate "2019.02.26"]
[SourceQuality "1"]

1. e4 e5 2. Nf3 Nc6 3. d4 exd4 4. Bc4 Nf6 5. e5 Ne4 6. c3 d5 7. exd6 Nxd6 8. Bb3 Qe7+ 9. Kf1 dxc3 10. Nxc3 Qd8 11. Bf4 Be7 12. h3 0-0 13. g4 Be6 14. Nd5 Bxd5 15. Bxd5 Na5 16. a3 c6 17. Ba2 c5 18. Qc2 Qb6 19. Rd1 Nb5 20. Kg2 Nd4 21. Nxd4 cxd4 22. Qe4 Bf6 23. g5 Rae8 24. Qf5 Bd8 25. Rhe1 Rxe1 26. Rxe1 Qg6 27. Qxg6 hxg6 28. Bd6 Bxg5 29. Bxf8 Kxf8 30. Re5 1-0

[Event "Paracin Winter op"]
[Site "Paracin"]
[Date "2019.01.31"]
[Round "1"]
[White "Ilic, Vladan"]
[Black "Rajic, Milovan"]
[Result "1-0"]
[WhiteElo "2106"]
[BlackElo "1675"]
[PlyCount "57"]
[EventDate "2019.01.31"]
[EventType "swiss"]
[EventRounds "9"]
[EventCountry "SRB"]
[SourceTitle "CBM 188 Extra"]
[Source "ChessBase"]
[SourceDate "2019.02.26"]
[SourceVersion "1"]
[SourceVersionDate "2019.02.26"]
[SourceQuality "1"]

1. e4 e5 2. Nf3 Nc6 3. c3 Nf6 4. d4 exd4 5. e5 Nd5 6. cxd4 Bb4+ 7. Bd2 Bxd2+ 8. Qxd2 0-0 9. Nc3 Nxc3 10. bxc3 d6 11. exd6 Qxd6 12. Be2 Bg4 13. 0-0 Rfe8 14. Rab1 Rab8 15. h3 Bh5 16. Rb5 Bg6 17. Bd3 a6 18. Rc5 b6 19. Rg5 Bxd3 20. Qxd3 f6 21. Rg3 b5 22. Nh4 Ne7 23. Re1 Qd5 24. Rge3 Qd7 25. a4 c6 26. axb5 axb5 27. Qe2 Kf8 28. Qh5 h6 29. Rxe7 1-0